|
|
|
|
| LEADER |
00000nam0a2200000 4500 |
| 001 |
116471 |
| 005 |
20231101215329.0 |
| 035 |
|
|
|a (RuTPU)RU\TPU\book\126048
|
| 090 |
|
|
|a 116471
|
| 100 |
|
|
|a 20070522d1953 km y0rusy50 ca
|
| 101 |
0 |
|
|a rus
|
| 102 |
|
|
|a RU
|
| 105 |
|
|
|a a z 000zy
|
| 200 |
1 |
|
|a Пневматические инструменты. Конструкция, эксплуатация и ремонт
|f С. А. Рычин
|g под ред. К. Г. Трешкова
|
| 210 |
|
|
|a Ленинград
|c Судпромгиз
|d 1953
|
| 215 |
|
|
|a 152 с.
|c ил.
|
| 606 |
1 |
|
|a Пневматические механизмы
|2 stltpush
|3 (RuTPU)RU\TPU\subj\49442
|9 68240
|
| 610 |
1 |
|
|a пневматика
|
| 610 |
1 |
|
|a пневматические инструменты
|
| 610 |
1 |
|
|a конструкции
|
| 610 |
1 |
|
|a эксплуатация
|
| 610 |
1 |
|
|a ремонт
|
| 675 |
|
|
|a 621.542
|v 3
|
| 700 |
|
1 |
|a Рычин
|b С. А.
|
| 702 |
|
1 |
|a Трешков
|b К. Г.
|4 340
|
| 801 |
|
1 |
|a RU
|b 63413507
|c 20070522
|g PSBO
|
| 801 |
|
2 |
|a RU
|b 63413507
|c 20190204
|g PSBO
|
| 942 |
|
|
|c BK
|